Регионална библиотека "Любен Каравелов" - Русе

Memoires d'un prisonnier d'etat (Запис номер 113965)

MARC детайли
000 -Лидер
Контролно поле с фиксирана дължина nam a22 a 4500
003 - Код на организацията, давaща контролен номер
Контролно поле BLK
005 - Дата и час на последна редакция
Контролно поле 20201028114832.0
008 - Елементи от данни с фиксирана дължина
fixed length control field 180409b bul|||||r ||||||| ||bul||
010 ## - Наследен системен номер
LC control number KNG00119386000
040 ## - Източник на каталожния запис
Идентификатор на билиотеката - собственик на записа BLK
041 ## - Код за език
Код за езика на текст/звукозапис или на отделно заглавие Френски
Код за езика КДБФ Френски
072 #7 - Код за тематичната категория
Код организация bullib
Код за тематична категория Ц
Текст Редки и ценни
080 ## - УДК
Текстов определител УДК Френска литература
УДК код - определител по УДК 821.133.1
УДК определител -94
УДК - код + определител 821.133.1-94
100 1# - Редна дума - Автор
Автор Adryane, Alexandre
Авторска отговорност първи автор
R(LIN) 3219
139 ## - Редно поле
Редна дума Adryane, Alexandre
Авторски знак Adr - A 22
245 10 - Сведения за заглавието
Заглавие Memoires d'un prisonnier d'etat
Подзаглавни данни Vol. 1 -
Редно поле (дума) Alexandre Adryane.
Том Vol. 1
250 ## - Област на изданието
Сведения за изданието 5. ed.
257 ## - Страна на издаване
Страна на създаване/издаване Франция
260 ## - Област на издателските данни
Име на издателя, разпространителя и проч. Libr. catholique Emmanuel Vitte
Година на издаване 1879
Място на издаване, разпространение и проч. Lyon, Paris
300 ## - Физическа характеристика
Размери/Мащаб 18 cm
380 ## - Жанр
Жанр Худож. лит.
490 ## - СЕРИИ (Колекции)
9 (RLIN) 435080
Име на серия Колекция Редки и ценни издания
653 ## - Ключова дума – ненормативна
Ключова дума мемоари
659 ## - Тематичен бюлетин
Тематичен бюлетин Ц
760 1# - Описание на основната серия
Редна дума на основното описание Adryane, Alexandre
Издание 5. ed.
Място на издаване, издател и година 1879
Страници - том 496 p.
Заглавие Vol. 1
852 ## - Местоположение
Форматна сигнатура Рф 879
Фондова буква Редки и ценни
856 4# - Електронен адрес и достъп
Електронен формат pdf - файл
999 ## - СИСТЕМНИ КОНТРОЛНИ НОМЕРА
Koha biblionumber 113965
Koha biblioitemnumber 113965
942 ## - АРТИКУЛИ
Вид на библиотечния материал Книги
Скрит в OPAC Не
Периодичен библиозапис Да
944 ## - СЪЗДАВАНЕ И РЕДАКЦИЯ на ЗАПИСА
Създаване/Редакция Създаване
Дата на регистрацията/редакция 23.03.2010
Служител, извършил регистрацията/редакцията Людмила_Стоянова
944 ## - СЪЗДАВАНЕ И РЕДАКЦИЯ на ЗАПИСА
Създаване/Редакция Редакция
Дата на регистрацията/редакция 2020-10-28
999 ## - СИСТЕМНИ КОНТРОЛНИ НОМЕРА
Koha biblioitemnumber 113965
Наличности
Код за отписване Код за изгубен артикул Източник на класификационната схема Код за повреда Коз за рестрикции Код за отдаване Артикулен № Име на библиотеката - собственик Име на библиотеката, в която се намира в момента Статус (Текущо местоположение) Дата на вписване в системата Местоположение - отдел Цена в лева Инвентарен номер Систематично азбучна сигнатура Баркод Номер на екземпляра Цена в евро Служебна бележка Служебен тип на артикула
  Не е изгубен Universal Decimal Classification Не е повреден само за читалня Специални фондове ( старопечатни, редки и ценни, фонд М. Арнаудов) 182347 Регионална библиотека "Любен Каравелов" Русе Регионална библиотека "Любен Каравелов" Русе Редки и ценни 2010-09-28 Редки и ценни 80.00 120000746261 Рф 879 120000746261 1 40.90 Дост: DA Вид: А N: 20 Дата: 28.09.2010 Дата инв: 14.12.2016 Бележки инв: Рц2016 Книги
Vip Innovations Ltd, Rousse, Bulgaria 2025